al-Ḥayāt al-adabīyah fī al-Baṣrah. (Record no. 47437)

MARC details
000 -LEADER
fixed length control field 00587cam a22002171 4500
001 - CONTROL NUMBER
control field ne 64002425
003 - CONTROL NUMBER IDENTIFIER
control field DLC
005 - DATE AND TIME OF LATEST TRANSACTION
control field 20260227111805.0
008 - FIXED-LENGTH DATA ELEMENTS--GENERAL INFORMATION
fixed length control field 881028s1961 xx b 000 0 ara
010 ## - LIBRARY OF CONGRESS CONTROL NUMBER
LC control number ne 64002425
035 ## - SYSTEM CONTROL NUMBER
System control number (OCoLC)23509372
040 ## - CATALOGING SOURCE
Original cataloging agency DLC
Transcribing agency MiU
Modifying agency DLC
042 ## - AUTHENTICATION CODE
Authentication code premarc
050 00 - LIBRARY OF CONGRESS CALL NUMBER
Classification number PJ8047.B3
Item number Z3
100 1# - MAIN ENTRY--PERSONAL NAME
Personal name Zakī, Aḥmad Kamāl.
245 13 - TITLE STATEMENT
Title al-Ḥayāt al-adabīyah fī al-Baṣrah.
260 ## - PUBLICATION, DISTRIBUTION, ETC.
Date of publication, distribution, etc. [1961]
300 ## - PHYSICAL DESCRIPTION
Extent 599 p.
Other physical details fold. map.
Dimensions 24 cm.
500 ## - GENERAL NOTE
General note Romanized.
650 #0 - SUBJECT ADDED ENTRY--TOPICAL TERM
Topical term or geographic name entry element Arabic literature
Geographic subdivision Iraq
-- Baṣrah
General subdivision History and criticism.

No items available.

Powered by Koha